La Medición de la exclusión social (límites y posibilidades) /

Sin resumen

Сохранить в:
Библиографические подробности
Главный автор: Torres Rivas, Edelberto
Формат: Текст
Предметы:
Метки: Добавить метку
Нет меток, Требуется 1-ая метка записи!

MARC

LEADER 00000 a a2200000 04500
001 8405
003
040
100 |a Torres Rivas, Edelberto  
245 |a La Medición de la exclusión social (límites y posibilidades) /  |c Edelberto Torres Rivas 
520 |a Sin resumen  
650 |a PROBLEMAS SOCIALES  
650 |a POBREZA  
650 |a RECESION ECONOMICA  
650 |a DESEMPLEO  
650 |a DERECHOS HUMANOS  
650 |a INDICADORES ECONOMICOS  
773 |g número 21; páginas 22-23  
999 |c 36430  |d 36430